[Event "C'Chartres Blitz Men"]
[Site "Europe-Echecs INT"]
[Date "2020.06.13"]
[Round "8"]
[White "Medvegy, Zoltan"]
[Black "Murzin, Volodar"]
[Result "1/2-1/2"]
[WhiteTitle "GM"]
[BlackTitle "IM"]
[WhiteElo "2524"]
[BlackElo "2465"]
[WhiteFideId "708402"]
[BlackFideId "44155573"]
[EventDate "2020.06.13"]

1. c4 Nf6 2. Nc3 g6 3. g3 Bg7 4. Bg2 O-O 5. e4 d6 6. Nge2 Nbd7 7. O-O e5 8. d3
a5 9. h3 c6 10. Be3 Nh5 11. g4 Nhf6 12. f4 exf4 13. Nxf4 Ne5 14. Qe2 Nfxg4 15.
hxg4 Nxg4 16. Bh3 Nxe3 17. Qxe3 Qg5+ 18. Kh1 Be5 19. Bxc8 Raxc8 20. d4 Qh6+ 21.
Kg2 Qg5+ 22. Kh2 Qh6+ 23. Kg2 Qg5+ 24. Kf3 Bg7 25. Nce2 f5 26. e5 dxe5 27. dxe5
Rfe8 28. Rg1 Qh4 29. e6 g5 30. Nd4 gxf4 31. Qxf4 Qh5+ 32. Kf2 Kh8 33. Rxg7 Kxg7
34. Nxf5+ Kg8 35. Rg1+ Qg6 36. Rxg6+ hxg6 37. Nh6+ Kg7 38. Kg3 Re7 39. Qg5 Rxe6
40. Nf5+ Kf7 41. Nd4 Rf6 42. Qxa5 Re8 43. Qc7+ Re7 44. Qd8 Re3+ 45. Kg4 c5 46.
Nb5 Re4+ 47. Kg3 Re3+ 48. Kg4 Re4+ 49. Kg3 Re3+ 50. Kg2 Re2+ 51. Kg3 Re3+ 1/2-1/2

[Event "C'Chartres Blitz Men"]
[Site "Europe-Echecs INT"]
[Date "2020.06.13"]
[Round "9"]
[White "Studer, Noel"]
[Black "Gukesh, D"]
[Result "0-1"]
[WhiteTitle "GM"]
[BlackTitle "GM"]
[WhiteElo "2580"]
[BlackElo "2563"]
[WhiteFideId "1319620"]
[BlackFideId "46616543"]
[EventDate "2020.06.13"]

1. d4 d5 2. c4 e6 3. Nf3 Nf6 4. g3 dxc4 5. Bg2 a6 6. O-O Nc6 7. e3 Rb8 8. Nfd2
e5 9. Bxc6+ bxc6 10. dxe5 Ng4 11. Nxc4 Be6 12. Nbd2 Bb4 13. b3 h5 14. h3 Bxd2
15. Bxd2 Bxc4 16. bxc4 Nxe5 17. Bc3 Qe7 18. Qe2 Qe6 19. Kg2 Nxc4 20. Rac1 O-O
21. Qxh5 Qd5+ 22. Qf3 Nd6 23. Rfd1 Qxa2 24. Bd4 Rb5 25. e4 f5 26. e5 Ne4 27.
Rxc6 Qd5 28. Rxc7 Rb3 29. Bc3 Qe6 30. Rd3 Qb6 31. Rc4 Qb5 32. Rcd4 Qxe5 33. Ba1
Rxd3 34. Qxd3 Qe6 35. Qc4 Re8 36. Qc7 Re7 37. Rd8+ Kh7 38. Qf4 Rf7 39. Rd1 g5
40. Qe3 Qc6 41. Kh2 Qc2 42. Qe1 f4 43. g4 Qxf2+ 44. Qxf2 Nxf2 45. Rd6 f3 46.
Rxa6 Nxg4+ 47. hxg4 f2 48. Ra8 f1=Q 49. Rh8+ Kg6 50. Rg8+ Kh6 51. Rh8+ Rh7 0-1

[Event "C'Chartres Blitz Men"]
[Site "Europe-Echecs INT"]
[Date "2020.06.13"]
[Round "9"]
[White "Maurizzi, Marc Andria"]
[Black "Firouzja, Alireza"]
[Result "0-1"]
[WhiteTitle "IM"]
[BlackTitle "GM"]
[WhiteElo "2433"]
[BlackElo "2728"]
[WhiteFideId "36083534"]
[BlackFideId "12573981"]
[EventDate "2020.06.13"]

1. d4 Nf6 2. Nf3 g6 3. Nbd2 Bg7 4. e4 O-O 5. e5 Nd5 6. Bc4 c6 7. O-O d6 8. exd6
exd6 9. h3 Bf5 10. Re1 Nd7 11. Nf1 N7b6 12. Bb3 Re8 13. Ng3 Bd7 14. Bg5 Rxe1+
15. Qxe1 Qf8 16. Qd2 h6 17. Bf4 Nxf4 18. Qxf4 Re8 19. Ne4 d5 20. Nf6+ Bxf6 21.
Qxf6 Bf5 22. Re1 Rxe1+ 23. Nxe1 Nd7 24. Qh4 g5 25. Qg3 Qe7 26. Kf1 Nf8 27. Nd3
Ne6 28. c3 Bxd3+ 29. Qxd3 Nf4 30. Qf3 Qe6 31. Bc2 Kg7 32. h4 Qf6 33. hxg5 hxg5
34. g3 Ne6 35. Qg4 Kf8 36. Kg2 Ke7 37. Bf5 Nc7 38. Bd3 Kd8 39. Qh5 Ne8 40. Qh7
Ke7 41. Qh5 Nd6 42. Qe2+ Qe6 43. Qd2 f6 44. Qd1 Kd8 45. Qh5 Qe7 46. Qh8+ Kc7 47.
Qh5 a5 48. Qh8 Nc8 49. Bf5 Nd6 50. Bd3 Ne8 51. Qh5 Ng7 52. Qf3 Ne6 53. Bf5 Nd8
54. Qd1 Nf7 55. Qa4 b6 56. Qd1 Nd6 57. Bd3 c5 58. dxc5 bxc5 59. Be2 Qe5 60. Bf3
d4 61. cxd4 Qxd4 62. Qe1 g4 63. Qe7+ Kc8 64. Bc6 Nc4 65. Qb7+ Kd8 66. Qb8+ Ke7
67. Qc7+ Ke6 68. Bb7 Nd6 69. Bc6 f5 70. Qd7+ Kf6 71. b3 Nf7 72. Qc7 Qd6 73. Qb7
Nd8 74. Qh7 Qxc6+ 0-1

[Event "C'Chartres Blitz Men"]
[Site "Europe-Echecs INT"]
[Date "2020.06.13"]
[Round "9"]
[White "Dardha, Daniel"]
[Black "Mamedov, Rauf"]
[Result "1-0"]
[WhiteTitle "IM"]
[BlackTitle "GM"]
[WhiteElo "2449"]
[BlackElo "2654"]
[WhiteFideId "240990"]
[BlackFideId "13401653"]
[EventDate "2020.06.13"]

1. e4 c5 2. Nf3 Nc6 3. Bb5 g6 4. Bxc6 dxc6 5. d3 Bg7 6. h3 Nf6 7. Nc3 Nd7 8. Be3
e5 9. Qd2 b6 10. Bh6 Bf6 11. O-O Nf8 12. Nh2 Ne6 13. Ng4 g5 14. Ne2 Nf4 15. Ng3
Bxg4 16. hxg4 Rg8 17. Nf5 Bh8 18. g3 Ne6 19. Kg2 Qd7 20. a4 a5 21. Rh1 O-O-O 22.
Rh5 Bf6 23. Qc3 Kb7 24. Qc4 Nd4 25. Rah1 Ne6 26. Qc3 Nd4 27. Qc4 Ne6 28. Qc3 Qc7
29. Qc4 Ka7 30. c3 Qd7 31. Rd1 Be7 32. Rhh1 Rg6 33. Rd2 Bd6 34. Rhd1 Qb7 35. Rh1
Qa6 36. Rdd1 Qb7 37. Rd2 Be7 38. Rdd1 Rd7 39. Qb3 Qc7 40. Qc4 Rg8 41. Bg7 Nxg7
42. Qxf7 Nxf5 43. Qxg8 Nd6 44. Rxh7 Bd8 45. Rxd7 Qxd7 46. Rh1 Be7 47. Rh7 Nc8
48. Qxg5 Kb7 49. Qe3 Ka6 50. Qf3 Qd8 51. Rh1 Bg5 52. Qe2 Nd6 53. d4+ Kb7 54.
dxe5 Nf7 55. f4 Be7 56. Rh7 Qg8 57. Rh1 Nd8 58. g5 Ne6 59. Qg4 Nc7 60. Rd1 Qb3
61. Rd7 Qc2+ 62. Kh3 Qxe4 63. Kh4 Bf8 64. g6 Qh1+ 65. Qh3 Qe4 66. Kh5 Qe2+ 67.
Kg5 Qxb2 68. g7 Bxg7 69. Rxg7 Qxc3 70. Kh6 Qc1 71. Qd7 Qh1+ 72. Kg5 Ka6 73. Qxc7 1-0

[Event "C'Chartres Blitz Men"]
[Site "Europe-Echecs INT"]
[Date "2020.06.13"]
[Round "9"]
[White "Keymer, Vincent"]
[Black "Edouard, Romain"]
[Result "0-1"]
[WhiteTitle "GM"]
[BlackTitle "GM"]
[WhiteElo "2558"]
[BlackElo "2649"]
[WhiteFideId "12940690"]
[BlackFideId "633429"]
[EventDate "2020.06.13"]

1. Nf3 d5 2. e3 Nf6 3. c4 e6 4. Nc3 a6 5. b3 Be7 6. Bb2 O-O 7. d4 b6 8. cxd5
exd5 9. Bd3 c5 10. O-O Bg4 11. h3 Bh5 12. Ne2 Bxf3 13. gxf3 Nc6 14. Rc1 Re8 15.
a3 Bd6 16. Kg2 Nd7 17. f4 Nf8 18. dxc5 bxc5 19. b4 c4 20. Bc2 Be7 21. Ng3 Ng6
22. Nh5 Bf8 23. Kh2 d4 24. Ba4 Qc7 25. Rxc4 dxe3 26. Rxc6 Qb7 27. fxe3 Rxe3 28.
Qd4 Re2+ 29. Rf2 Nh4 30. Rxe2 Nf3+ 31. Kg3 Nxd4 32. Bxd4 Qd7 33. Bxg7 Bxg7 34.
Rg2 Kh8 35. Nxg7 Rg8 36. Kh2 Qd4 37. Nh5 Rxg2+ 38. Kxg2 Qd5+ 39. Kg3 Qxh5 40.
Rxa6 Qd5 41. Bc6 Qd3+ 42. Bf3 Qxa6 43. h4 Qxa3 44. b5 Qb3 45. h5 Qxb5 0-1

[Event "C'Chartres Blitz Men"]
[Site "Europe-Echecs INT"]
[Date "2020.06.13"]
[Round "9"]
[White "Lagarde, Maxime"]
[Black "Stephan, Victor"]
[Result "1-0"]
[WhiteTitle "GM"]
[BlackTitle "IM"]
[WhiteElo "2655"]
[BlackElo "2439"]
[WhiteFideId "662399"]
[BlackFideId "656666"]
[EventDate "2020.06.13"]

1. c4 e5 2. Nc3 Nf6 3. g3 c6 4. d4 exd4 5. Qxd4 d5 6. Bg2 Be6 7. cxd5 cxd5 8.
Qd1 Nc6 9. Be3 Bb4 10. Nf3 O-O 11. O-O Rc8 12. Nb5 Ng4 13. Bf4 Bc5 14. e3 Qb6
15. Nbd4 Bxd4 16. Nxd4 Nxd4 17. Qxd4 Qxd4 18. exd4 Rc2 19. b3 Rfc8 20. h3 Nf6
21. Rfc1 Ne4 22. Rxc2 Rxc2 23. Be3 Kf8 24. Bf1 Rc3 25. Rc1 Ke7 26. g4 f5 27. g5
g6 28. Rxc3 Nxc3 29. a4 f4 30. Bd2 Ne4 31. Bxf4 Bf5 32. h4 Nd6 33. a5 Bc2 34. b4
Nc4 35. f3 Kd7 36. Bh3+ Kc6 37. Be6 Kb5 38. Bxd5 Kxb4 39. Bg8 Kxa5 40. Bxc4 Kb4
41. Bg8 a5 42. Bd6+ Ka4 43. Kf2 b5 44. Ke3 b4 45. Kd2 Bf5 46. Bc7 b3 47. Kc3 Bc2
48. Bd6 1-0

[Event "C'Chartres Blitz Men"]
[Site "Europe-Echecs INT"]
[Date "2020.06.13"]
[Round "9"]
[White "Murzin, Volodar"]
[Black "Maghsoodloo, Parham"]
[Result "0-1"]
[WhiteTitle "IM"]
[BlackTitle "GM"]
[WhiteElo "2465"]
[BlackElo "2676"]
[WhiteFideId "44155573"]
[BlackFideId "12539929"]
[EventDate "2020.06.13"]

1. e4 e6 2. d4 d5 3. Nc3 Bb4 4. e5 Qd7 5. a3 Bxc3+ 6. bxc3 b6 7. Nh3 Ba6 8. Bxa6
Nxa6 9. Nf4 g6 10. a4 Ne7 11. O-O c5 12. Qd3 Nb8 13. a5 Qc6 14. axb6 axb6 15.
Be3 Nd7 16. Rfb1 O-O 17. Nh3 Rxa1 18. Rxa1 Ra8 19. Rc1 Ra3 20. Ng5 cxd4 21. Bxd4
Nf5 22. Qh3 Nf8 23. Nf3 h5 24. Rf1 Nh7 25. g4 Nxd4 26. cxd4 Qxc2 27. Qg2 Qe4 28.
Nd2 Qxd4 29. Nb1 Rb3 30. gxh5 g5 31. Kh1 Qd3 32. Qg1 Qf3+ 33. Qg2 g4 34. Qxf3
gxf3 35. h6 Ng5 36. Rg1 Kh7 37. Nd2 Rb2 38. Rxg5 Rxd2 39. h4 Rxf2 40. Rg7+ Kxh6
41. Rxf7 d4 42. Rf6+ Kh5 43. Rxe6 d3 44. Rd6 d2 45. Kg1 Re2 46. e6 Kg6 47. h5+
Kf6 48. h6 Re1+ 49. Kf2 d1=Q 50. Rxd1 Rxd1 51. h7 Rh1 52. e7 Kxe7 53. h8=Q Rxh8 0-1

[Event "C'Chartres Blitz Men"]
[Site "Europe-Echecs INT"]
[Date "2020.06.13"]
[Round "9"]
[White "Bauer, Christian"]
[Black "Medvegy, Zoltan"]
[Result "1-0"]
[WhiteTitle "GM"]
[BlackTitle "GM"]
[WhiteElo "2623"]
[BlackElo "2524"]
[WhiteFideId "603767"]
[BlackFideId "708402"]
[EventDate "2020.06.13"]

1. d4 e6 2. Nf3 Nf6 3. Bf4 c5 4. e3 Be7 5. h3 O-O 6. c3 b6 7. Nbd2 Ba6 8. Bxa6
Nxa6 9. Qe2 Qc8 10. a3 cxd4 11. cxd4 Qb7 12. O-O d6 13. e4 Rac8 14. Bg5 Nb8 15.
e5 Ne8 16. Qd3 h6 17. Bxe7 Qxe7 18. Rfc1 Nc7 19. Ne4 dxe5 20. dxe5 Rcd8 21. Nd6
f6 22. Nh4 fxe5 23. Ng6 Qxd6 24. Qxd6 Rxd6 25. Nxf8 Nba6 26. Ng6 e4 27. Rd1 Nd5
28. Rac1 Nc5 29. Ne5 a5 30. b4 1-0

[Event "C'Chartres Blitz Men"]
[Site "Europe-Echecs INT"]
[Date "2020.06.13"]
[Round "10"]
[White "Ivanchuk, Vasyl"]
[Black "Keymer, Vincent"]
[Result "1-0"]
[WhiteTitle "GM"]
[BlackTitle "GM"]
[WhiteElo "2678"]
[BlackElo "2558"]
[WhiteFideId "14100010"]
[BlackFideId "12940690"]
[EventDate "2020.06.13"]

1. Nf3 d5 2. c4 d4 3. g3 Nc6 4. Bg2 e5 5. O-O Nf6 6. d3 Be7 7. b4 Nxb4 8. Nxe5
O-O 9. Nd2 Na6 10. Rb1 Rb8 11. Ne4 Nxe4 12. Bxe4 Bd6 13. Nf3 c5 14. e3 dxe3 15.
Bxe3 Nc7 16. d4 Qe7 17. Qc2 f5 18. Bd3 b6 19. Rfe1 Bb7 20. d5 Qf6 21. Bg5 Qf7
22. Ne5 Qh5 23. f4 h6 24. Bh4 g5 25. Bxf5 Rxf5 26. Qxf5 Rf8 27. Qd7 Ne8 28. Qxb7
gxh4 29. Qd7 hxg3 30. hxg3 Bxe5 31. Qe6+ Kh7 32. Rxe5 1-0

[Event "C'Chartres Blitz Men"]
[Site "Europe-Echecs INT"]
[Date "2020.06.13"]
[Round "10"]
[White "Gukesh, D"]
[Black "Guliyev, Namig"]
[Result "0-1"]
[WhiteTitle "GM"]
[BlackTitle "GM"]
[WhiteElo "2563"]
[BlackElo "2529"]
[WhiteFideId "46616543"]
[BlackFideId "13400363"]
[EventDate "2020.06.13"]

1. c4 c6 2. Nf3 d5 3. b3 Nf6 4. Bb2 Bg4 5. e3 e6 6. Be2 Nbd7 7. O-O Bd6 8. d4
Ne4 9. Nbd2 f5 10. Ne1 Bxe2 11. Qxe2 O-O 12. Nd3 Qh4 13. Nf3 Qh5 14. Qc2 a6 15.
Nfe5 Nxe5 16. dxe5 Be7 17. f3 Ng5 18. Nf4 Qh6 19. g3 Rae8 20. h4 Nf7 21. cxd5
cxd5 22. Qc7 g5 23. hxg5 Bxg5 24. Kg2 Rc8 25. Qxb7 Rc2+ 26. Rf2 Rxf2+ 27. Kxf2
Bxf4 28. Kg2 Bxe3 29. Rh1 Qg6 30. Qxa6 f4 31. Qe2 Qxg3+ 32. Kf1 Ng5 33. Bc1 Bxc1
34. Rg1 Qh3+ 35. Ke1 h6 36. Qd3 Qf5 37. Qd4 Be3 0-1

[Event "C'Chartres Blitz Men"]
[Site "Europe-Echecs INT"]
[Date "2020.06.13"]
[Round "10"]
[White "Firouzja, Alireza"]
[Black "Studer, Noel"]
[Result "1-0"]
[WhiteTitle "GM"]
[BlackTitle "GM"]
[WhiteElo "2728"]
[BlackElo "2580"]
[WhiteFideId "12573981"]
[BlackFideId "1319620"]
[EventDate "2020.06.13"]

1. Nf3 d5 2. g3 Nf6 3. Bg2 c5 4. O-O e6 5. d3 Be7 6. Nbd2 O-O 7. e4 Nc6 8. Re1
Qc7 9. e5 Nd7 10. Qe2 b5 11. Nf1 a5 12. Bf4 Bb7 13. h4 Rfc8 14. a4 bxa4 15. Rxa4
Nb6 16. Raa1 a4 17. N1h2 Nd4 18. Qd1 Rcb8 19. h5 h6 20. Nxd4 cxd4 21. Nf3 Qc5
22. g4 Nd7 23. g5 hxg5 24. Nxg5 Bc6 25. h6 gxh6 26. Nxf7 Kxf7 27. Qh5+ Kg8 28.
Qg6+ Kh8 29. Qxh6+ Kg8 30. Qxe6+ Kh8 31. Qh6+ Kg8 32. Bh3 Nf8 33. Kh2 Be8 34.
Rg1+ Bg6 35. Be6+ Nxe6 36. Qxg6+ Kf8 37. Qg8# 1-0

[Event "C'Chartres Blitz Men"]
[Site "Europe-Echecs INT"]
[Date "2020.06.13"]
[Round "10"]
[White "Mamedov, Rauf"]
[Black "Maurizzi, Marc Andria"]
[Result "0-1"]
[WhiteTitle "GM"]
[BlackTitle "IM"]
[WhiteElo "2654"]
[BlackElo "2433"]
[WhiteFideId "13401653"]
[BlackFideId "36083534"]
[EventDate "2020.06.13"]

1. e4 c6 2. Nc3 d5 3. Nf3 dxe4 4. Nxe4 Nf6 5. Qe2 Bg4 6. d3 e6 7. Bd2 Nbd7 8. h3
Bh5 9. g4 Bg6 10. Bg2 Be7 11. O-O-O O-O 12. g5 Nd5 13. Ng3 Qc7 14. h4 Bd6 15. h5
Bf5 16. Nxf5 exf5 17. g6 Rae8 18. gxf7+ Kxf7 19. Qf1 Bf4 20. Kb1 Bxd2 21. Nxd2
Nf4 22. Bf3 Nf6 23. Qg1 Ne2 24. Bxe2 Rxe2 25. Nf3 Qf4 26. Qg3 Qxg3 27. fxg3 Rfe8
28. Nd4 Rf2 29. Rdf1 Rxf1+ 30. Rxf1 g6 31. hxg6+ hxg6 32. Kc1 Re3 33. Nf3 Re2
34. Ng5+ Kg7 35. Kd1 Rg2 36. Re1 Nd5 37. c4 Nb4 38. Ne6+ Kf6 39. Nf4 Rxg3 40.
Re6+ Kg5 41. Nxg6 Nxd3 42. Ne7 Nf4 43. Re5 Rg1+ 44. Kd2 Rg2+ 45. Kc3 Ne2+ 46.
Kb4 Kf6 47. Re3 f4 48. Re4 f3 49. Nc8 f2 0-1

[Event "C'Chartres Blitz Men"]
[Site "Europe-Echecs INT"]
[Date "2020.06.13"]
[Round "10"]
[White "Bauer, Christian"]
[Black "Dardha, Daniel"]
[Result "1-0"]
[WhiteTitle "GM"]
[BlackTitle "IM"]
[WhiteElo "2623"]
[BlackElo "2449"]
[WhiteFideId "603767"]
[BlackFideId "240990"]
[EventDate "2020.06.13"]

1. d4 Nf6 2. Nf3 e6 3. Bf4 d5 4. e3 Bd6 5. Bg3 b6 6. Nbd2 Bb7 7. c3 c5 8. Bb5+
Bc6 9. Bd3 Qc7 10. Ne5 Nbd7 11. f4 Ne4 12. O-O O-O 13. Rc1 f5 14. Bxe4 dxe4 15.
Bh4 Bxe5 16. dxe5 Bd5 17. c4 Bc6 18. Nb1 Rf7 19. Nc3 Qb7 20. Qd6 Re8 21. Rfd1
Nf8 22. Qd2 Ng6 23. Bg3 Rd7 24. Qe2 Red8 25. h4 Rxd1+ 26. Rxd1 Rxd1+ 27. Nxd1
Qd7 28. h5 Nh8 29. Nc3 Nf7 30. Qd1 Kf8 31. Bh4 Qxd1+ 32. Nxd1 Ke8 33. Nf2 Kd7
34. Kf1 h6 35. Ke1 Ke8 36. Kd2 Nh8 37. g4 Nf7 38. Kc3 fxg4 39. Nxg4 Kd7 40. a3
a5 41. b4 a4 42. Nf2 Nh8 43. b5 Bb7 44. Nd1 g6 45. Bf6 gxh5 46. Bxh8 h4 47. Nf2
Ke7 48. Bf6+ Kf7 49. Bxh4 Kg6 50. Bd8 Kf5 51. Bxb6 h5 52. Bxc5 h4 53. Be7 Bc8
54. Bxh4 1-0

[Event "C'Chartres Blitz Men"]
[Site "Europe-Echecs INT"]
[Date "2020.06.13"]
[Round "10"]
[White "Edouard, Romain"]
[Black "Lagarde, Maxime"]
[Result "0-1"]
[WhiteTitle "GM"]
[BlackTitle "GM"]
[WhiteElo "2649"]
[BlackElo "2655"]
[WhiteFideId "633429"]
[BlackFideId "662399"]
[EventDate "2020.06.13"]

1. e4 c5 2. Nf3 e6 3. d4 cxd4 4. Nxd4 Nf6 5. Nc3 Nc6 6. Ndb5 d6 7. Bf4 e5 8. Bg5
a6 9. Na3 b5 10. Nd5 Be7 11. Bxf6 Bxf6 12. c4 O-O 13. Bd3 b4 14. Nc2 Bg5 15. O-O
a5 16. b3 Be6 17. a3 bxa3 18. Rxa3 Bxd5 19. exd5 Nb8 20. Nb4 g6 21. Nc6 Qb6 22.
Qg4 Nxc6 23. dxc6 Be7 24. Qd7 Ra7 25. c7 Rxc7 26. Qb5 Qxb5 27. cxb5 Rc3 28. Rd1
d5 29. Rxa5 Rxb3 30. Ra7 Bc5 31. Rc7 Bd4 32. Rd7 Rb2 33. Rxd5 Bxf2+ 34. Kf1 Bd4
35. Be2 Ra8 36. R1xd4 exd4 37. Rxd4 Ra1+ 38. Kf2 Raa2 39. Re4 Rxb5 40. Kg3 Rg5+
41. Kh3 Raa5 42. Bf3 Rge5 43. Rb4 Kg7 44. Kg3 Rf5 45. h4 h5 46. Rb7 Rf6 47. Bd1
Ra3+ 48. Bb3 Ra5 49. Kh3 Rc5 50. g3 Rc3 51. Bd5 Rd3 52. Bc4 Rd4 53. Rc7 Kf8 54.
Bb5 Rf3 55. Kg2 Re3 56. Bc4 Re7 57. Rc8+ Kg7 58. Kh3 Kf6 59. Rc6+ Ke5 60. Rc5+
Ke4 61. Rc6 Rdd7 62. Bb3 Rc7 63. Ra6 Ke5 64. Ra5+ Kf6 65. Ra6+ Kg7 66. Bd5 f5
67. Ra3 Rc5 68. Bf3 Rec7 69. Ra6 Rc3 70. Ba8 f4 71. Be4 Rxg3+ 72. Kh2 Re7 0-1

[Event "C'Chartres Blitz Men"]
[Site "Europe-Echecs INT"]
[Date "2020.06.13"]
[Round "10"]
[White "Stephan, Victor"]
[Black "Murzin, Volodar"]
[Result "1-0"]
[WhiteTitle "IM"]
[BlackTitle "IM"]
[WhiteElo "2439"]
[BlackElo "2465"]
[WhiteFideId "656666"]
[BlackFideId "44155573"]
[EventDate "2020.06.13"]

1. d4 Nf6 2. c4 g6 3. Nc3 Bg7 4. e4 O-O 5. Nf3 d6 6. Be2 e5 7. dxe5 dxe5 8. Qxd8
Rxd8 9. Nd5 Nxd5 10. cxd5 c6 11. Bc4 h6 12. Be3 cxd5 13. Bxd5 Nc6 14. O-O-O Bd7
15. Kb1 Be8 16. a3 Kh8 17. Nd2 f5 18. f3 fxe4 19. fxe4 g5 20. Nc4 Bg6 21. Ka1
Rd7 22. h4 g4 23. h5 Bh7 24. Rdf1 Nd4 25. Ka2 Rad8 26. Rd1 b5 27. Nxe5 Bxe5 28.
Bxd4 Bxd4 29. Rxd4 Kg7 30. Ka1 Kf6 31. Rdd1 Kg5 32. Rdf1 a5 33. g3 b4 34. Rf4
bxa3 35. bxa3 Re7 36. Rh4 Rd6 37. Rhxg4+ Kxh5 38. Rh4+ Kg5 39. Rfg4+ Kf6 40.
Rxh6+ Ke5 41. Rg5+ Kd4 42. Rxd6 Kc3 43. Rc6+ Kd2 44. Rb6 Bxe4 45. Bxe4 Rxe4 46.
Rb2+ Ke3 47. Rxa5 Kf3 48. Ka2 Kxg3 49. Rab5 Re8 50. a4 Kg4 51. Ka3 Kf4 52. a5
Kf3 53. Ka4 Kg3 54. a6 Kg4 55. Ka5 Kf4 56. a7 Kf3 57. Rb8 Re1 58. a8=Q+ 1-0

[Event "C'Chartres Blitz Men"]
[Site "Europe-Echecs INT"]
[Date "2020.06.13"]
[Round "10"]
[White "Medvegy, Zoltan"]
[Black "Maghsoodloo, Parham"]
[Result "1/2-1/2"]
[WhiteTitle "GM"]
[BlackTitle "GM"]
[WhiteElo "2524"]
[BlackElo "2676"]
[WhiteFideId "708402"]
[BlackFideId "12539929"]
[EventDate "2020.06.13"]

1. c4 e5 2. Nc3 Bb4 3. Qc2 Nf6 4. Nf3 Nc6 5. e3 h6 6. Nd5 a5 7. a3 Bc5 8. b3 d6
9. Bb2 O-O 10. Be2 Re8 11. d4 exd4 12. exd4 Ba7 13. O-O Nxd5 14. cxd5 Ne7 15.
Bc4 Bf5 16. Qd2 Be4 17. Rfe1 Bxf3 18. gxf3 Qd7 19. Qd3 Qh3 20. Re4 Ng6 21. Rae1
Rf8 22. Rg4 Rae8 23. Ree4 f5 24. Rxg6 fxe4 25. fxe4 Rf3 26. Qe2 Rf4 27. Rg3
Rfxe4 28. Rxh3 Rxe2 29. Bxe2 Rxe2 30. Bc3 Bb6 31. Kf1 Rc2 32. a4 Kf7 33. Re3 Kf6
34. Kg2 Kf5 35. Kg3 h5 36. Rf3+ Ke4 37. Re3+ Kxd5 38. f4 Bxd4 39. Bxd4 Kxd4 40.
Re7 g6 41. Rg7 Rc3+ 42. Kh4 Rxb3 43. Rxg6 Rb2 44. Re6 Rxh2+ 45. Kg5 h4 46. f5 h3
47. Rh6 Rg2+ 48. Kf6 h2 49. Ke6 Re2+ 50. Kd7 Rf2 51. Ke6 d5 52. f6 Kc3 53. f7 d4
54. Rxh2 Rxf7 55. Kxf7 d3 56. Rh5 d2 57. Rc5+ Kd4 58. Rxc7 Ke3 59. Re7+ Kd3 60.
Rd7+ Kc2 61. Rc7+ Kd3 62. Rd7+ Kc2 63. Rc7+ Kd3 64. Rd7+ 1/2-1/2

[Event "C'Chartres Blitz Men"]
[Site "Europe-Echecs INT"]
[Date "2020.06.13"]
[Round "11"]
[White "Lagarde, Maxime"]
[Black "Ivanchuk, Vasyl"]
[Result "1-0"]
[WhiteTitle "GM"]
[BlackTitle "GM"]
[WhiteElo "2655"]
[BlackElo "2678"]
[WhiteFideId "662399"]
[BlackFideId "14100010"]
[EventDate "2020.06.13"]

1. e4 e5 2. Nc3 Nf6 3. f4 d5 4. fxe5 Nxe4 5. Qf3 Nxc3 6. dxc3 c5 7. Bf4 Nc6 8.
O-O-O Be6 9. Bc4 dxc4 10. Rxd8+ Rxd8 11. Qg3 h6 12. h4 g6 13. Qe3 b6 14. Nf3 Ne7
15. Nd2 Nd5 16. Qf3 Nxf4 17. Qxf4 h5 18. Ne4 Bh6 19. Ng5 O-O 20. b3 cxb3 21.
axb3 Rd7 22. Rf1 Rfd8 23. Kb2 Rd2 24. Rf2 Rxf2 25. Qxf2 Bxg5 26. hxg5 Rd7 27. c4
Kg7 28. Kc3 Kg8 29. Kb2 Rd4 30. g3 Re4 31. Qd2 Rxe5 32. Qd6 Rf5 33. Qb8+ Kh7 34.
Qxa7 Rxg5 35. Qxb6 Rxg3 36. Qxc5 h4 37. Qf2 Rg4 38. c5 h3 39. c6 Rg5 40. c7 Rf5
41. Qh2 Rh5 42. b4 g5 43. c4 g4 44. b5 g3 45. Qc2+ Kg7 46. b6 g2 47. b7 g1=Q 48.
Qc3+ Kg6 49. c8=Q Qf2+ 50. Qc2+ Qxc2+ 51. Kxc2 Bxc8 52. bxc8=Q h2 53. Qg4+ Kh6
54. Qf4+ Kg6 55. Qe4+ Kf6 56. Qh1 Ke7 57. Kd3 Kd6 58. Ke3 Kc7 59. Kf2 Rh7 60.
Kg2 Rh8 61. Kf3 Rh7 62. Kf4 Rh8 63. Kf5 Rh7 64. Kf6 Kb6 65. Ke5 Kc7 66. Kd4 Rh5
67. c5 f6 68. Kc4 Rh4+ 69. Kb5 Kd8 70. c6 Kc7 71. Kc5 Rh5+ 72. Kd4 Kd6 73. Ke3
Rc5 74. Qxh2+ Kxc6 75. Qh6 Re5+ 76. Kf4 Re6 77. Kf5 Rd6 78. Qf8 Kd7 79. Qf7+ Kc6
80. Qe7 Rd2 81. Qxf6+ Rd6 82. Qc3+ Kd7 83. Qc4 Rc6 84. Qb5 Kc7 85. Ke5 Rh6 86.
Qc4+ Kb7 87. Qb4+ Ka6 88. Qa3+ Kb7 89. Qf3+ Rc6 90. Kd5 Kb6 91. Qb3+ Kc7 92. Qb5
Rd6+ 93. Kc5 Rh6 94. Qa5+ Kb7 95. Qb4+ Kc8 96. Qg4+ Kb7 97. Qg7+ 1-0

[Event "C'Chartres Blitz Men"]
[Site "Europe-Echecs INT"]
[Date "2020.06.13"]
[Round "11"]
[White "Keymer, Vincent"]
[Black "Gukesh, D"]
[Result "1-0"]
[WhiteTitle "GM"]
[BlackTitle "GM"]
[WhiteElo "2558"]
[BlackElo "2563"]
[WhiteFideId "12940690"]
[BlackFideId "46616543"]
[EventDate "2020.06.13"]

1. d4 Nf6 2. c4 e6 3. Nf3 d5 4. Nc3 Bb4 5. Bg5 h6 6. Bxf6 Qxf6 7. e3 O-O 8. cxd5
exd5 9. Qb3 c5 10. dxc5 Bxc3+ 11. Qxc3 Qxc3+ 12. bxc3 Be6 13. Bb5 Rc8 14. Kd2
Rxc5 15. Nd4 Bd7 16. Bd3 b6 17. a4 Ra5 18. c4 dxc4 19. Be4 c3+ 20. Kc1 Nc6 21.
Bxc6 Bxc6 22. Nxc6 Rc5 23. Nd4 Rac8 24. Kc2 Rc4 25. Rhb1 R8c5 26. a5 bxa5 27.
Rb8+ Kh7 28. Rb3 a4 29. Rba3 Rh5 30. h3 Rg5 31. g4 h5 32. Rxa4 Rxa4 33. Rxa4
hxg4 34. hxg4 Rxg4 35. Kxc3 Rg2 36. f3 g5 37. Rxa7 Kg6 38. Ra6+ f6 39. Kd3 Rg1
40. e4 Rd1+ 41. Ke3 Re1+ 42. Ne2 Rf1 43. e5 Kf5 44. Ng3+ 1-0

[Event "C'Chartres Blitz Men"]
[Site "Europe-Echecs INT"]
[Date "2020.06.13"]
[Round "11"]
[White "Guliyev, Namig"]
[Black "Firouzja, Alireza"]
[Result "0-1"]
[WhiteTitle "GM"]
[BlackTitle "GM"]
[WhiteElo "2529"]
[BlackElo "2728"]
[WhiteFideId "13400363"]
[BlackFideId "12573981"]
[EventDate "2020.06.13"]

1. e4 e6 2. d4 d5 3. exd5 exd5 4. Nf3 Nf6 5. Bd3 Bd6 6. O-O O-O 7. Bg5 Bg4 8.
Nbd2 Nbd7 9. c3 c6 10. Re1 Qc7 11. Qc2 Bh5 12. Bh4 Rfe8 13. Bg3 h6 14. Rxe8+
Rxe8 15. Re1 Rxe1+ 16. Nxe1 Nf8 17. Nef3 Ne6 18. Bxd6 Qxd6 19. Bf5 Nf4 20. g3
Ne6 21. Kg2 Nd7 22. h3 Ndf8 23. Ne5 c5 24. Ndf3 cxd4 25. g4 Bg6 26. Bxg6 Nf4+
27. Kf1 fxg6 28. cxd4 Nxh3 29. Qc8 Qa6+ 30. Kg2 Nf4+ 31. Kg3 g5 32. Qf5 Qf1 33.
Qf7+ Kh7 34. Qf5+ N8g6 0-1